| 000 | 00834cam a2200301 4500 | ||
|---|---|---|---|
| 008 | 090401t1991 xxu||||| |||| 00| 0 eng d | ||
| 020 | _a0419171509 | ||
| 035 | _a(Sirsi) u60923 | ||
| 041 | _aeng | ||
| 050 | _a690.065 | ||
| 245 | _aPractice management : new perspectives for the construction professional | ||
| 260 |
_aLondon _bE. and F.N. Spon _c1991 |
||
| 300 | _axii,366p. ; 24cm. | ||
| 350 | _a0 | ||
| 520 | _aJoint editor: Roderick Males. | ||
| 650 | _aARCHITECTS | ||
| 650 | _aBUILDING INDUSTRY | ||
| 650 | _aBUILT ENVIRONMENT-BUILDING INSPECTION | ||
| 650 | _aCLIENT BRIEFING | ||
| 650 | _aMALES RODERICK | ||
| 650 | _aMANAGEMENT | ||
| 650 | _aMARKETING | ||
| 650 |
_aProject management _96261 |
||
| 650 | _aQUALITY ASSURANCE | ||
| 700 |
_aBarrett, Peter _xEditor |
||
| 942 | _n0 | ||
| 948 | _c04/03/1997 | ||
| 999 |
_c94267 _d94267 |
||